Pre planting operations in rubber (Record no. 48522)

MARC details
000 -LEADER
fixed length control field 00392nam a2200157Ia 4500
100 ## - MAIN ENTRY--AUTHOR NAME
Personal name Joseph P
245 #0 - TITLE STATEMENT
Title Pre planting operations in rubber
260 ## - PUBLICATION, DISTRIBUTION, ETC. (IMPRINT)
Name of publisher Rubber Board Bulletin
Year of publication 2014
300 ## - PHYSICAL DESCRIPTION
Number of Pages 24-27
650 ## - SUBJECT ADDED ENTRY--TOPICAL TERM
Topical Term Land preparation
650 ## - SUBJECT ADDED ENTRY--TOPICAL TERM
Topical Term Planting density
650 ## - SUBJECT ADDED ENTRY--TOPICAL TERM
Topical Term Planting system
700 ## - ADDED ENTRY--PERSONAL NAME
Personal name Jessy M.D
942 ## - ADDED ENTRY ELEMENTS (KOHA)
Koha item type Bibliography STAF
Holdings
Withdrawn status Lost status Damaged status Not for loan Home library Current library Shelving location Date acquired Serial Enumeration / chronology Koha item type
      Bibliography RRII Library RRII Library Agronomy 17/07/2014 Volume 32, Issue 3 Bibliography STAF